000 02242nam a22002537a 4500
005 20250827114105.0
006 a|||||r|||||||||||
008 s2018||||gr a f ||| gre |
020 _a9789604185498
040 _bgre
_aGR-AtMCL
_dGR-AtMCL
_eAACR2
041 1 _heng
100 _aBeard, Cory
_4070
_910028
245 0 0 _aΑσύρματες επικοινωνίες δίκτυα και συστήματα /
_cCory Beard,William Stallings ; επιστημονική επιμέλεια Αθανάσιος Ιωσηφίδης, Περικλής Χατζημίσιος
260 _aΘεσσαλονίκη :
_bΤζιόλα,
_cc2018
300 _a714 σ. :
_bεικ.
500 _aΤίτλος πρωτοτύπου: Wireless communication : networks and systems
505 0 _aΜΕΡΟΣ ΠΡΩΤΟ: ΤΕΧΝΙΚΟ ΥΠΟΒΑΘΡΟ, Βασικές αρχές μετάδοσης, Δίκτυα επικοινωνιών, Πρωτόκολλα και η σουίτα TCP/IP, ΜΕΡΟΣ ΔΕΥΤΕΡΟ: ΕΠΙΣΚΟΠΗΣΗ ΤΗΣ ΑΣΥΡΜΑΤΗΣ ΕΠΙΚΟΙΝΩΝΙΑΣ, Τεχνολογία ασύρματης επικοινωνίας, Το ασύρματο κανάλι, Τεχνικές κωδικοποίησης σήματος, Ορθογωνική πολυπλεξία διαίρεσης συχνότητας, Διασπορά φάσματος, Κωδικοποίηση και έλεγχος σφαλμάτων, ΜΕΡΟΣ ΤΡΙΤΟ: ΑΣΥΡΜΑΤΑ ΤΟΠΙΚΑ ΚΑΙ ΠΡΟΣΩΠΙΚΑ ΔΙΚΤΥΑ, Τεχνολογίες ασύρματων τοπικών δικτύων, Bluetooth και IEEE 802.5, ΜΕΡΟΣ ΤΕΤΑΡΤΟ: ΑΣΥΡΜΑΤΑ ΚΙΝΗΤΑ ΔΙΚΤΥΑ ΚΑΙ ΕΦΑΡΜΟΓΕΣ, κυψελοειδή ασύρματα δίκτυα, Συστήματα τέταρτης γενιάς και LTE-Advanced, Κινητές εφαρμογές και κινητό IP, Επικοινωνίες μεγάλης εμβέλειας, Αναφορές, Ευρετήριο.
650 0 _aΠληροφορική
_99850
650 0 _aΣυστήματα ασύρματων επικοινωνιών
_910029
700 1 _aStallings, William
_4070
_91498
856 4 0 _uwww.tziola.gr
942 _cBK
999 _c9898
_d9898